000 00428cam a2200181ua 4500
020 _c6.00
041 _aeng
_h
082 _a421.52
_bALL/LI
100 _aAllen, Stannard W .
245 _aLiving English speech /
_cStannard W Allen.
_hTextual Documents
250 _a1 /
_b.
260 _aLondon :
_bLongman ,
_c1961.
300 _a193 ; .
365 _a6.00
504 _a
942 _cBK
999 _c11780
_d11780